Les question actuelles de politique étrangère en Asie : (Record no. 123327)
[ view plain ]
| 000 -LEADER | |
|---|---|
| campo de control de longitud fija | 00976nam a2200241 4500 |
| 001 - NÚMERO DE CONTROL | |
| campo de control | 123327 |
| 003 - IDENTIFICADOR DE NÚMERO DE CONTROL | |
| campo de control | ES-MaACL |
| 005 - FECHA Y HORA DE LA ÚLTIMA TRANSACCIÓN | |
| campo de control | 20250815053920.0 |
| 007 - CAMPO FIJO DE DESCRIPCIÓN FÍSICA--INFORMACIÓN GENERAL | |
| campo de control de longitud fija | t| |
| 008 - DATOS DE LONGITUD FIJA--INFORMACIÓN GENERAL | |
| campo de control de longitud fija | 070214s1910 sp r ||||1| spa d |
| 245 04 - MENCIÓN DEL TÍTULO | |
| Título | Les question actuelles de politique étrangère en Asie : |
| Resto del título | conférences organisées par la Société des anciens éléves de l'Ecole libre des sciences politiques. |
| 260 ## - PUBLICACIÓN, DISTRIBUCIÓN, ETC. | |
| Lugar de publicación, distribución, etc. | Paris : |
| Nombre del editor, distribuidor, etc. | Félix Alcan, |
| Fecha de publicación, distribución, etc. | 1910. |
| 300 ## - DESCRIPCIÓN FÍSICA | |
| Extensión | 262 p., 4 mapas ; |
| Dimensiones | 19 cm. |
| 490 1# - MENCIÓN DE SERIE | |
| Mención de serie | Bibliothèque d'histoire contemporaine |
| 505 8# - NOTA DE CONTENIDO CON FORMATO | |
| Nota de contenido con formato | Contiene: L'Asie ottomane, les compétitions dans l'Asie centrale |
| 651 #4 - PUNTO DE ACCESO ADICIONAL DE MATERIA--NOMBRE GEOGRÁFICO | |
| Nombre geográfico | Asia- |
| Subdivisión general | Relaciones- |
| Subdivisión geográfica | Europa. |
| 9 (RLIN) | 172904 |
| 651 #4 - PUNTO DE ACCESO ADICIONAL DE MATERIA--NOMBRE GEOGRÁFICO | |
| Nombre geográfico | Turquía- |
| Subdivisión general | Historia- |
| Subdivisión cronológica | 1288-1918, Otomanos. |
| 9 (RLIN) | 150891 |
| 651 #7 - PUNTO DE ACCESO ADICIONAL DE MATERIA--NOMBRE GEOGRÁFICO | |
| Nombre geográfico | Asia central- |
| Subdivisión general | Historia |
| Fuente del encabezamiento o término | |
| 9 (RLIN) | 145397 |
| 710 2# - ENTRADA AGREGADA--NOMBRE DE ENTIDAD CORPORATIVA | |
| Nombre de entidad corporativa o nombre de jurisdicción como elemento de entrada | École libre des sciences politiques (Paris) |
| 9 (RLIN) | 3414 |
| 830 1# - PUNTO DE ACCESO ADICIONAL DE SERIE-TÍTULO UNIFORME | |
| Título uniforme | Bibliothèque d'histoire contemporaine |
| 9 (RLIN) | 180875 |
| 852 ## - LOCALIZACIÓN | |
| Ubicación | ES-MaACL |
| Número de control de estantería | G-7390 |
| Estatus retirado | Estado de pérdida | Estado de daño | No para préstamo | Biblioteca de origen | Biblioteca actual | Ubicación en estantería | Fecha de adquisición | Fuente de adquisición | Total de préstamos | Signatura topográfica completa | Código de barras | Visto por última vez | Precio de reemplazo | Tipo de ítem Koha |
|---|---|---|---|---|---|---|---|---|---|---|---|---|---|---|
| Biblioteca del Ateneo de Madrid | Biblioteca del Ateneo de Madrid | Depósito 2 | 17/01/2008 | G-7390 | 1128499 | 23/02/2023 | 23/02/2023 | Libro impreso |
